[Event "CRO-Cup"]
[Site "Pula"]
[Date "1993.??.??"]
[Round "3"]
[White "Vukovic, Zeljka"]
[Black "Samardzic, Jasna"]
[Result "0-1"]
[WhiteElo "2055"]
[BlackElo "2115"]

1.Nf3 d5 2.g3 c6 3.Bg2 Bg4 4.d3 Nd7 5.Nbd2 e6 6.c4 f5 7.a3 a5 8.b3 Bd6 9.Rb1 Qe7
10.b4 axb4 11.axb4 dxc4 12.dxc4 Bxb4 13.Qb3 c5 14.O-O Ngf6 15.e3 O-O 16.Bb2 e5
17.Bc1 e4 18.Ng5 Be2 19.Re1 Bd3 20.Rb2 Ne5 21.f4 Nc6 22.Bf1 Na5 23.Qd1 Rfd8
24.Bxd3 Rxd3 25.Qe2 Rad8 26.Rf1 Qd7 27.Nb1 Nxc4 28.Ra2 b5 29.Nh3 Ng4 30.Nf2 Nxf2
31.Kxf2 Rb3 32.Bb2 Rxe3 33.Qc2 Rf3+  0-1

[Event "CRO-Cup"]
[Site "Pula"]
[Date "1993.??.??"]
[Round "7"]
[White "Lovric, Branko"]
[Black "Medak, Damir"]
[Result "1/2-1/2"]
[WhiteElo "2275"]
[BlackElo "2330"]

1.Nf3 d5 2.g3 c6 3.Bg2 Bg4 4.O-O Nd7 5.d4 e6 6.Nbd2 f5 7.Nb3 Bd6 8.Bf4 Bxf4
9.gxf4 Bxf3 10.Bxf3 Qh4 11.e3 Ngf6 12.Bg2 Ng4 13.h3 Ngf6 14.Nd2 O-O 15.Nf3 Qh6
16.Qe1 Rf7 17.Kh1 Ne4 18.Ne5 Nxe5 19.dxe5 Kh8 20.f3 Nc5 21.Qg3 Rg8 22.h4 Nd7
23.Rf2 g6 24.Rg1 Qf8 25.c3 Qc5 26.Re1 h6 27.Bf1 Rh7 28.Bd3 Rgg7 29.Rh2 a5
30.Qf2 g5 31.hxg5 hxg5 32.Qg3 gxf4 33.Qxf4 Rxh2+ 34.Kxh2 Qf8 35.Rg1 Rxg1
36.Kxg1 Qg7+ 37.Kf2 Qxe5 38.Qh4+ Kg8 39.Qd8+ Nf8 40.f4 Qh8 41.Be2 a4 42.a3 Qh7
43.Ke1 Qd7 44.Qa8 b5 45.Bh5 Qh7 46.Qe8 Qb7 47.Qd8 Qd7 48.Qe8 Kg7 49.Kd2 Qb7
50.Qd8 Qd7 51.Qg5+ Kh8 52.Qf6+ Kg8  1/2-1/2

[Event "CRO-Cup"]
[Site "Pula"]
[Date "1993.??.??"]
[Round "9"]
[White "Vukovic, Zeljka"]
[Black "Lalic, Susan"]
[Result "0-1"]
[WhiteElo "2055"]
[BlackElo "2335"]

1.Nf3 d5 2.g3 c6 3.Bg2 Bg4 4.d3 Nd7 5.Nbd2 e6 6.O-O Bd6 7.e4 Ne7 8.exd5 cxd5
9.d4 b5 10.c3 O-O 11.Re1 Nc6 12.Qb3 Rb8 13.a3 a5 14.a4 b4 15.c4 dxc4 16.Qxc4 Rc8
17.Qd3 Be7 18.h3 Bf5 19.Qb3 Nb6 20.Nc4 Nxc4 21.Qxc4 Ne5 22.Qb3 Nxf3+ 23.Bxf3 Bxh3
24.d5 Bf5 25.dxe6 Bxe6 26.Qe3 Rc2 27.Re2 Bc5 28.Qe4 Qd1+ 29.Kg2 Rxc1 30.Rxc1 Qxc1
31.Rc2 Qg5  0-1

[Event "Purmerend"]
[Site "Purmerend"]
[Date "1993.??.??"]
[Round "4"]
[White "Klarenbeek, Hans"]
[Black "Barsov, Alexei"]
[Result "1-0"]
[WhiteElo "2415"]
[BlackElo "2440"]

1.Nf3 d5 2.g3 g6 3.Bg2 Bg7 4.O-O e5 5.d3 Nc6 6.e4 Nge7 7.Nc3 dxe4 8.dxe4 Be6
9.b3 h6 10.Ba3 O-O 11.Nd5 Re8 12.Nxe7+ Nxe7 13.Qe2 Nc6 14.c3 a5 15.Nd2 a4
16.b4 Na7 17.Rfd1 Qb8 18.b5 c6 19.bxc6 bxc6 20.c4 Rd8 21.Rab1 Qc7 22.Bc5 Nc8
23.Bf1 Rb8 24.Rxb8 Qxb8 25.Nf3 Nd6 26.Qc2 Nb7 27.Ba3 Rxd1 28.Qxd1 Qa7 29.h3 Qa5
30.Qc2 Kh7 31.h4 Bf6 32.Kg2 Kg7 33.Qc1 Nc5 34.Qe3 Nd7 35.Bc1 Kg8 36.Qxh6 Qc3
37.Qd2 Qa1 38.Qb2 Qxb2 39.Bxb2  1-0

[Event "Quebec Inv"]
[Site "Quebec"]
[Date "1993.??.??"]
[Round "3"]
[White "Leveille, Francois"]
[Black "O'Donnell, Tom"]
[Result "1/2-1/2"]
[WhiteElo "2345"]
[BlackElo "2390"]

1.Nf3 d5 2.g3 Nf6 3.Bg2 c6 4.O-O Bf5 5.d3 e6 6.Nbd2 Be7 7.b3 h6 8.Bb2 O-O
9.a3 a5 10.e3 Bh7 11.Qe2 c5 12.a4 Nc6 13.Kh1 Rc8 14.Ne1 Nd7 15.f4 Nb6 16.Rd1 Bf6
17.c3 e5 18.f5 Rc7 19.e4 d4 20.c4 Re8 21.Rf2 Kf8 22.Nf1 Ke7 23.h4 Kd7 24.Bh3 Kc8
25.Bc1 Kb8 26.Nh2 Be7 27.Ng2 Rh8 28.Rg1 Bg8 29.Bg4 Nc8 30.Rff1 Nd6 31.Ne1 Ne8
32.Bf3 Nd6 33.Rg2 Ne8 34.Bd2 Nd6 35.Nc2 Nb4 36.Na3 Rc6 37.Be1 Rb6 38.Qd1 Bf6
39.Rfg1 Be7 40.Rf1 Bf6 41.Ng4 Rc6 42.Kg1 Rb6 43.Nxf6 Qxf6 44.g4 Qe7 45.g5 Ne8
46.Qe2 hxg5 47.hxg5 Nc7 48.Bd2 Rd6 49.Rff2 Rd8 50.Bg4 f6 51.Rg3 Bf7 52.Rh2 Rdg8
53.g6 Be8 54.Rgh3 Rxh3 55.Rxh3 Bc6 56.Qh2 Qf8 57.Be2 Ne8 58.Rh7 Ka7 59.Bf1 b6
60.Qh4 Kb8 61.Kf2 Nd6 62.Ke1 Bd7 63.Be2 Qe8 64.Rxg7 Rxg7 65.Qxf6 Qe7 66.Bg5 Nc6
67.Qxe7 Nxe7 68.Bf6 Ndxf5 69.exf5 Nxf5 70.Bxe5+ Kc8 71.Bxg7 Nxg7 72.Kf2 Bf5
73.Kg3 Bxg6 74.Kf4 Bh5 75.Bxh5  1/2-1/2

[Event "Ramat Hasharon"]
[Site "Ramat Hasharon"]
[Date "1993.??.??"]
[Round "4"]
[White "Shabtai, Ran"]
[Black "Rossiter, Philip J"]
[Result "0-1"]
[WhiteElo "2370"]
[BlackElo "2270"]

1.Nf3 d5 2.g3 Nf6 3.Bg2 c6 4.O-O Bf5 5.d3 e6 6.Nbd2 h6 7.b3 Be7 8.Bb2 O-O
9.Re1 Bh7 10.e4 a5 11.a3 dxe4 12.dxe4 Na6 13.Qe2 Bc5 14.h3 Nc7 15.e5 Nfd5
16.Ne4 Bxe4 17.Qxe4 Na6 18.Bf1 Qb6 19.Bd3 Bxf2+ 20.Kg2 g6 21.Qg4 Bxe1 22.Rxe1 Ne3+
23.Rxe3 Qxe3 24.Bd4 Qc1 25.Bc3 Rad8 26.Bd2 Qd1 27.Bxh6 Nc5 28.Qh4 Nxd3 29.Qf6 Ne1+
30.Nxe1 Qe2+  0-1

[Event "Reggio Emilia9394"]
[Site "Reggio Emilia"]
[Date "1993.??.??"]
[Round "2"]
[White "Cvitan, Ognjen"]
[Black "Manca, Federico"]
[Result "1-0"]
[WhiteElo "2550"]
[BlackElo "2390"]

1.Nf3 d5 2.g3 c5 3.Bg2 Nc6 4.O-O e5 5.d3 Be7 6.e4 d4 7.a4 b6 8.Na3 Nf6 9.Nc4 Nd7
10.Ne1 O-O 11.f4 Ba6 12.b3 Bxc4 13.bxc4 a6 14.Nf3 Rb8 15.Bh3 b5 16.axb5 axb5
17.cxb5 Rxb5 18.Bxd7 Qxd7 19.Nxe5 Nxe5 20.fxe5 c4 21.Bf4 cxd3 22.cxd3 g5
23.Bd2 Rxe5 24.g4 Kg7 25.Qf3 Re6 26.Ra5 h6 27.Rf5 f6 28.h4 Qd8 29.h5 Bd6
30.Ra5 Qc7 31.Qf5 Qf7 32.Qd5 Qd7 33.Rb5 Re7 34.Rf5 Rff7 35.Rb6 Be5 36.Qb3 Qc7
37.Rf1 Qd7  1-0

[Event "Reggio Emilia9394"]
[Site "Reggio Emilia"]
[Date "1993.??.??"]
[Round "7"]
[White "Sarno, Spartaco"]
[Black "Arlandi, Ennio"]
[Result "0-1"]
[WhiteElo "2390"]
[BlackElo "2440"]

1.Nf3 d5 2.g3 Nf6 3.Bg2 e6 4.O-O Be7 5.d3 O-O 6.Nbd2 c5 7.e4 Nc6 8.Re1 d4
9.a4 e5 10.Nc4 Nd7 11.Re2 Qc7 12.a5 Rb8 13.Bd2 b6 14.axb6 axb6 15.Ne1 b5
16.Na5 Nb6 17.f4 Nxa5 18.Rxa5 Na4 19.Qa1 exf4 20.gxf4 Bg4 21.Nf3 c4 22.dxc4 Qxc4
23.Rf2 Bxf3 24.Bxf3 Qxc2 25.Be1 Qd3 26.Bg2 Rfc8 27.e5 Qc4 28.Qd1 Qc1 29.Qe2 d3
30.Qd2 Bh4 31.Rf1 Bxe1 32.Qxd3 Qc5+  0-1

[Event "Reykjavik op"]
[Site "Reykjavik"]
[Date "1993.??.??"]
[Round "5"]
[White "Asanov, Bolat"]
[Black "Thorhallsson, Throstur"]
[Result "0-1"]
[WhiteElo "2405"]
[BlackElo "2430"]

1.Nf3 d5 2.g3 Nf6 3.Bg2 c6 4.O-O Bf5 5.d3 e6 6.Nc3 Bc5 7.Qe1 h6 8.e4 Bh7
9.a3 O-O 10.b3 Nbd7 11.Bb2 b5 12.b4 Be7 13.exd5 exd5 14.Nd4 Rc8 15.Qd2 a6
16.Nd1 c5 17.Nb3 c4 18.Na5 Qb6 19.dxc4 dxc4 20.Ne3 Rfe8 21.Qc3 Bf8 22.Rad1 Be4
23.Qd4 Qc7 24.f3 Bg6 25.Rf2 Nb6 26.Re1 Rcd8 27.Qh4 c3 28.Bc1 Nbd5 29.Rfe2 Qb6
30.Kf1 Nc7 31.f4 Be4 32.Bxe4 Nxe4 33.Nf5 Nd2+ 34.Kg2 Rxe2+ 35.Rxe2 Ne6 36.Qg4 g6
37.Nh4 h5 38.Qh3 Nd4 39.Re3 Nxc2 40.Rxc3 Ne1+ 41.Kh1 Ne4 42.Be3  0-1

[Event "Reykjavik op"]
[Site "Reykjavik"]
[Date "1993.??.??"]
[Round "7"]
[White "McNab, Colin Anderson"]
[Black "Kristensen, Bjarke"]
[Result "1/2-1/2"]
[WhiteElo "2490"]
[BlackElo "2445"]

1.Nf3 d5 2.g3 Nf6 3.Bg2 g6 4.b3 Bg7 5.Bb2 c5 6.O-O Nc6 7.d4 cxd4 8.Nxd4 O-O
9.Nd2 Qb6 10.e3 Bg4 11.Qe1 Rad8 12.h3 Bc8 13.c4 Qa6 14.Nxc6 bxc6 15.e4 e5
16.cxd5 cxd5 17.exd5 Nxd5 18.Nc4 Rfe8 19.Rd1 Bb7 20.Qa5 Qxa5 21.Nxa5 Ba8
22.Rfe1 f5 23.Bf1 e4 24.Bxg7 Kxg7 25.Bb5 Nc3 26.Bxe8 Nxd1 27.Bc6 Bxc6 28.Nxc6 Rd2
29.Rf1 Nc3 30.a4 Rb2 31.Nd4 Rd2 32.Rc1 Nd1 33.Ne2 Nb2 34.Nf4 g5 35.Nh5+ Kf7
36.Rc6 Nd3 37.Rf6+ Ke7 38.Rxf5 Rd1+ 39.Kh2 Kd6 40.Rf8 Kc5 41.Rf5+ Kd4 42.Nf6 Nxf2
43.Rd5+ Ke3 44.Rxd1 Nxd1 45.Nxh7 Kf2 46.Nxg5 e3 47.Ne4+ Kf3  1/2-1/2

[Event "Rostov op"]
[Site "Rostov"]
[Date "1993.??.??"]
[Round "?"]
[White "Matveeva, Svetlana"]
[Black "Yakovich, Yuri"]
[Result "1-0"]
[WhiteElo "2395"]
[BlackElo "2510"]

1.Nf3 d5 2.g3 Bg4 3.Bg2 Nd7 4.c4 c6 5.cxd5 cxd5 6.Nc3 e6 7.Qb3 Qb6 8.Qxb6 axb6
9.Nd4 Ngf6 10.h3 Bh5 11.Ndb5 Rc8 12.d3 Be7 13.f4 Bg6 14.g4 O-O 15.e4 h6 16.Be3 Nc5
17.f5 Bh7 18.Rd1 Rfd8 19.Ke2 Re8 20.Rhf1 Bf8 21.exd5 exf5 22.gxf5 Re5 23.d4 Rxe3+
24.Kxe3 Ncd7 25.d6 Rb8 26.Kd2 Ne8 27.Ne4 g6 28.f6 g5 29.Rc1 Bxe4 30.Bxe4 Nxd6
31.Nxd6 Bxd6 32.Kd3 Bf4 33.Rc2 Nxf6 34.Bf5 Nd5 35.Rc8+ Kg7 36.a3 h5 37.Rxb8 Bxb8
38.Bc8 Kg6 39.Ke4 Nf6+ 40.Kf3 Ne8 41.Bxb7 f5 42.Rc1 g4+ 43.Kg2 Nf6 44.Rc8 Bf4
45.Rc6 Be3 46.Rxb6 Bxd4 47.Rb5 f4 48.a4 f3+ 49.Bxf3 gxf3+ 50.Kxf3 Kf7 51.a5 Ke6
52.a6 Kd6 53.Rb7 Kc6 54.b4  1-0

[Event "Rostov op"]
[Site "Rostov"]
[Date "1993.??.??"]
[Round "?"]
[White "Osnos, Viatcheslav"]
[Black "Sherbakov, Ruslan"]
[Result "0-1"]
[WhiteElo "2440"]
[BlackElo "2570"]

1.Nf3 d5 2.g3 Bg4 3.Bg2 Nd7 4.d4 c6 5.c3 e6 6.Nbd2 f5 7.Qb3 Rb8 8.Nf1 Bd6
9.Bf4 Bxf4 10.gxf4 Bxf3 11.Bxf3 Ngf6 12.Qa3 Qc7 13.e3 Kf7 14.Nd2 h6 15.h4 c5
16.dxc5 Nxc5 17.Be2 g5 18.Nf3 gxf4 19.exf4 Ncd7 20.Qa4 Ne4 21.Qxd7+ Qxd7
22.Ne5+ Ke7 23.Nxd7 Kxd7 24.Rd1 Rhg8 25.Rd4 b5 26.Bf3 Rbc8 27.a4 Rb8 28.a5 Rbc8
29.Kf1 Rc4 30.Be2 Rxd4 31.Bxb5+ Kd6 32.cxd4 Rb8 33.Be2 Rxb2 34.Rh3 Rb4  0-1

[Event "Rostov"]
[Site "Rostov"]
[Date "1993.??.??"]
[Round "?"]
[White "Vaganian, Rafael A"]
[Black "Pushkov, Nikolai"]
[Result "1-0"]
[WhiteElo "2615"]
[BlackElo "2485"]

1.Nf3 d5 2.g3 Nf6 3.Bg2 e6 4.O-O Be7 5.d3 O-O 6.Nbd2 Nc6 7.e4 dxe4 8.dxe4 e5
9.Qe2 Bg4 10.c3 a5 11.Qb5 Bxf3 12.Bxf3 Rb8 13.Rd1 Qe8 14.Kg2 b6 15.a3 Ra8
16.Nc4 Bc5 17.Bg5 a4 18.Bxf6 gxf6 19.Bg4 Ne7 20.Qxe8 Rfxe8 21.Rd7 Ra7 22.Kf3 b5
23.Ne3 c6 24.Rxa7 Bxa7 25.Rd1 Bxe3 26.Kxe3 Rb8 27.Rd6 Kg7 28.Kd3 Rb6 29.h4 Rb8
30.Kc2 h6 31.Rd7 Kf8 32.Ra7 Ke8 33.Bd7+ Kd8 34.h5 Rb6 35.Bg4 f5 36.Bxf5 Nxf5
37.exf5 Ke8 38.Rc7 Kf8 39.f6  1-0

[Event "Rostov op"]
[Site "Rostov"]
[Date "1993.??.??"]
[Round "?"]
[White "Kharlov, Andrei"]
[Black "Yakovich, Yuri"]
[Result "1/2-1/2"]
[WhiteElo "2580"]
[BlackElo "2510"]

1.Nf3 d5 2.g3 c6 3.Bg2 Bg4 4.c4 e6 5.O-O Nf6 6.cxd5 Bxf3 7.Bxf3 cxd5 8.Qb3 Qd7
9.d3 Nc6 10.Be3 Be7 11.Nd2 O-O 12.Rfc1 Rfc8 13.a3 h6 14.Nf1 Bd6 15.Qd1 Be5
16.Rc2 Nd4 17.Bxd4 Bxd4 18.Rac1 Ne8 19.Nd2 Rxc2 20.Rxc2 Rc8 21.Nb3 Bb6 22.Rxc8  1/2-1/2

[Event "San Martin"]
[Site "San Martin"]
[Date "1993.??.??"]
[Round "2"]
[White "Schweber, Samuel"]
[Black "Van Riemsdijk, Herman C"]
[Result "0-1"]
[WhiteElo "2350"]
[BlackElo "2405"]

1.Nf3 d5 2.g3 c6 3.Bg2 Bg4 4.O-O Nd7 5.d3 e6 6.h3 Bh5 7.e4 Bd6 8.Qe2 Ne7
9.g4 Bg6 10.Nh4 f6 11.Nxg6 hxg6 12.d4 Qc7 13.c4 dxc4 14.Qxc4 e5 15.dxe5 Nxe5
16.Qe6 Qd7 17.Qxd7+ Kxd7 18.Nc3 g5 19.Ne2 N7g6 20.Ng3 Nf4 21.Bxf4 gxf4 22.Nf5 g6
23.Nxd6 Kxd6 24.Rfd1+ Ke6 25.Rd2 Rad8 26.Rad1 Rxd2 27.Rxd2 Rxh3 28.Bxh3 Nf3+
29.Kg2 Nxd2 30.g5+ Ke5 31.gxf6 Kxf6 32.Bc8 b6 33.f3 Ke5 34.Ba6 b5 35.Bb7 Kd6
36.e5+ Kc7 37.e6 Nc4 38.e7 Nd6 39.Ba8 Kd7 40.Kh3 c5 41.Kg4 Kxe7 42.Kxf4 Kf6
43.Bd5 g5+ 44.Kg4 Nf5 45.Bc6 Ne3+ 46.Kg3 b4 47.f4 Nd1 48.fxg5+ Kxg5 49.Kf3 Kf5
50.Ke2 Nxb2 51.Bb5 Ke4 52.Kd2 Kd4  0-1

[Event "San Martin"]
[Site "San Martin"]
[Date "1993.??.??"]
[Round "5"]
[White "Soppe, Guillermo"]
[Black "Hoffman, Alejandro"]
[Result "1-0"]
[WhiteElo "2460"]
[BlackElo "2440"]

1.Nf3 d5 2.g3 c6 3.Bg2 Nf6 4.O-O g6 5.b3 Bg7 6.Bb2 O-O 7.c4 a5 8.Nc3 Na6
9.Rc1 Re8 10.d4 Nc7 11.Na4 Nd7 12.Qc2 Na6 13.a3 Nb6 14.c5 Bf5 15.Qd2 Nxa4
16.bxa4 Nb8 17.Nh4 Bc8 18.Bc3 e5 19.dxe5 Nd7 20.Bd4 Nxe5 21.Qc3 f6 22.f4 Nd7
23.Rfe1 Nf8 24.Qb3 Ne6 25.Bf2 f5 26.Nf3 Qe7 27.Rc2 h6 28.h4 Bf6 29.Qd3 Qg7
30.Rb1 Re7 31.Rd1 Bd7 32.Rb1 Be8 33.Rb3 Bf7 34.Rc1 Rae8 35.Rcb1 Nd8 36.Nd4 Re4
37.Bxe4 dxe4 38.Qe3 Bxb3 39.Qxb3+ Kh7 40.Rd1 Re7 41.Nc2 Rd7 42.Ne3 Rxd1+
43.Qxd1 Ne6 44.Nc4 g5 45.Qd6 Qf7 46.Nxa5 gxf4 47.gxf4 Bd8 48.Nxb7 Bc7 49.Qxc6 Nxf4
50.Qb5 Qd5 51.Nd6 Kg8 52.Kf1 Kh7 53.Ke1 Qe5 54.Bd4 Qxd4 55.Qd7+ Qg7 56.Qxf5+ Qg6
57.Qd7+ Qg7 58.Qxg7+ Kxg7 59.Ne8+  1-0

[Event "San Sebastian op"]
[Site "San Sebastian"]
[Date "1993.??.??"]
[Round "?"]
[White "Izeta Txabarri, Felix"]
[Black "Gomez Esteban, Juan Mario"]
[Result "1/2-1/2"]
[WhiteElo "2505"]
[BlackElo "2410"]

1.Nf3 d5 2.g3 c5 3.Bg2 Nc6 4.O-O e5 5.c4 d4 6.d3 Nf6 7.e3 Be7 8.exd4 exd4
9.Bg5 O-O 10.Bxf6 Bxf6 11.Nbd2 Be7 12.Ne1 Be6 13.f4 Qd7 14.Qf3 f5 15.Nc2 Rfe8
16.Rfe1 Bf7 17.a3 Bf8 18.Qf2 a5 19.Bf3 a4 20.Qg2 Na5 21.Rxe8 Rxe8 22.Re1 Rxe1+
23.Nxe1 g6 24.Bd1 b5 25.Qa8 Qe8 26.Qxe8 Bxe8 27.cxb5 Bxb5 28.Bf3 Kf7 29.Bd5+ Kf6
30.Nc4 Nxc4 31.dxc4 Be8 32.Nd3 Bd6 33.Kf2 g5 34.Ke2 h6 35.Kd2 gxf4 36.gxf4 Kg6
37.Be6 Bc6 38.Bc8 Kf6 39.Ba6 Ke7 40.Bb5 Be4 41.Bxa4 Bxd3 42.Kxd3 Bxf4 43.h3 Kd6
44.Be8 Bc1 45.Kc2 Bg5 46.b4 Be7 47.bxc5+ Kxc5 48.Kd3 Bd8 49.Bg6 f4 50.Bh5 Ba5
51.Be2 Bc3 52.Ke4 Bd2 53.a4 Ba5 54.Kxf4 Bd2+ 55.Kf5 Kb4 56.Ke5 Kc5 57.Kf5 Kb4
58.a5 Kxa5 59.c5 Bb4 60.c6 Kb6 61.Bf3 d3 62.Ke4 d2 63.Kd3 Kc7 64.Kc2 Ba5
65.Bg2 Kd6 66.Kd1 Kc7 67.Kc2 Kb6 68.Kd1 Kc7  1/2-1/2

[Event "Sao Paulo zt"]
[Site "Sao Paulo"]
[Date "1993.??.??"]
[Round "1"]
[White "Braga, Cicero"]
[Black "Campora, Daniel H"]
[Result "0-1"]
[WhiteElo "2370"]
[BlackElo "2550"]

1.Nf3 d5 2.g3 Bg4 3.Bg2 Nd7 4.O-O c6 5.d3 e5 6.e4 dxe4 7.dxe4 f6 8.Nbd2 Nc5
9.Qe1 Ne7 10.a4 Nc8 11.h3 Bh5 12.Nh4 Ne6 13.Nb3 Bd6 14.Bf3 Bxf3 15.Nxf3 O-O
16.Be3 Qe7 17.a5 Rb8 18.Qc3 Kh8 19.Rfd1 c5 20.Nfd2 b5 21.axb6 axb6 22.Nc4 Nd4
23.Bxd4 exd4 24.Qf3 Bc7 25.Qg4 Qf7 26.Ncd2 Nd6 27.Ra7 Nb5 28.Ra4 Rbe8 29.Qe2 Qd7
30.Rda1 f5 31.e5 Bxe5 32.Qf3 Nd6 33.Ra8 c4 34.R1a7 Qe6 35.Nc1 h6 36.Ne2 Kh7
37.Rxe8 Rxe8 38.Qc6 d3 39.cxd3 cxd3 40.Nc3 Bd4 41.Nf3 Bxf2+  0-1

[Event "Sao Paulo zt"]
[Site "Sao Paulo"]
[Date "1993.??.??"]
[Round "4"]
[White "Sunye Neto, Jaime"]
[Black "Van Riemsdijk, Herman C"]
[Result "1/2-1/2"]
[WhiteElo "2545"]
[BlackElo "2400"]

1.Nf3 d5 2.g3 c6 3.Bg2 Bg4 4.O-O Nd7 5.d3 e6 6.Nbd2 Bd6 7.h3 Bh5 8.e4 Ne7
9.d4 O-O 10.c4 c5 11.cxd5 exd5 12.exd5 Nxd5 13.Ne4 Be7 14.Qb3 N5b6 15.dxc5 Nxc5
16.Nxc5 Bxc5 17.Bg5 Qd5 18.Qxd5 Nxd5 19.Rac1 Rac8 20.Ne5 Nb6 21.Bxb7 Rc7
22.Ba6 f6 23.Be3 Re8 24.Bxc5 Rxe5 25.Bxb6 Rxc1 26.Rxc1 axb6 27.Rc8+ Kf7 28.f4 Ra5
29.Bc4+ Ke7 30.Kf2 Be8 31.Rb8 Rc5 32.Bd3 b5 33.Rb7+ Kf8 34.Ke3 Rd5 35.g4 h5
36.Rb8 Kf7 37.Bc2 Rc5 38.Bb3+ Ke7 39.Kd4 Rc1 40.gxh5 Rb1 41.Rb7+ Kf8 42.Rb6 Rxb2
43.h6 Rd2+ 44.Kc5 gxh6 45.Rxf6+ Kg7 46.Rd6 Rf2 47.Re6 Kf8 48.Rxh6 Rxf4 49.Rh8+ Ke7
50.h4 b4 51.Bd5 Rf5 52.Rh7+ Kf8 53.Rb7 Rh5 54.Rxb4 Bf7 55.Rb8+ Kg7 56.Rd8 Bxd5
57.Rxd5 Rxh4 58.Kb5 Kf6 59.a4 Ke6 60.Rd1 Rh2 61.a5  1/2-1/2

[Event "Sao Paulo zt"]
[Site "Sao Paulo"]
[Date "1993.??.??"]
[Round "6"]
[White "Soppe, Guillermo"]
[Black "Valiente, Cristobal"]
[Result "0-1"]
[WhiteElo "2460"]
[BlackElo "2340"]

1.Nf3 d5 2.g3 Nf6 3.Bg2 c6 4.O-O Bg4 5.d3 e6 6.Nbd2 Be7 7.h3 Bh5 8.e3 O-O
9.g4 Bg6 10.Nh4 Nfd7 11.Nxg6 hxg6 12.f4 e5 13.fxe5 Nxe5 14.d4 Ned7 15.c3 Na6
16.e4 dxe4 17.Nxe4 Nf6 18.Nxf6+ Bxf6 19.Qb3 Qb6 20.g5 Bd8 21.Qc4 Nc7 22.a4 a5
23.h4 Nd5 24.Bxd5 cxd5 25.Qxd5 Bc7 26.Qg2 Rae8 27.Bf4 Re7 28.Bxc7 Qxc7 29.Rae1 Rfe8
30.Rxe7 Rxe7 31.Qf3 Qd7 32.Ra1 Qe8 33.Kf2 b5 34.Rh1 bxa4 35.h5 Qb5 36.hxg6 fxg6
37.Rh4 Rf7 38.Rf4 Qxb2+ 39.Kg3 Qb8  0-1

[Event "Seefeld op"]
[Site "Seefeld"]
[Date "1993.??.??"]
[Round "9"]
[White "Piepho, Niels"]
[Black "Babinetz, Rainer"]
[Result "1-0"]
[WhiteElo "1980"]
[BlackElo "1725"]

1.Nf3 d5 2.g3 c6 3.Bg2 Nf6 4.O-O Bf5 5.d3 h6 6.Nbd2 e6 7.Qe1 Be7 8.e4 dxe4
9.dxe4 Bh7 10.Qe2 Na6 11.Rd1 O-O 12.Ne5 Qe8 13.Nb3 Nc5 14.Nxc5 Bxc5 15.Nd3 Qe7
16.e5 Nd5 17.a3 Rad8 18.Be4 Bxe4 19.Qxe4 Bb6 20.Bd2 Rd7 21.c4 Nc7 22.c5 Rxd3
23.Qxd3 Rd8 24.Bg5 Rxd3 25.Bxe7  1-0

[Event "Sevilla op"]
[Site "Sevilla"]
[Date "1993.??.??"]
[Round "9"]
[White "Sanchez Guirado, Francisco"]
[Black "De la Villa Garcia, Jesus Maria"]
[Result "1-0"]
[WhiteElo "2335"]
[BlackElo "2440"]

1.Nf3 d5 2.g3 c6 3.Bg2 Bg4 4.d3 Nd7 5.Nbd2 e5 6.O-O Ngf6 7.h3 Bh5 8.e4 dxe4
9.dxe4 Bc5 10.Qe1 O-O 11.Nc4 Re8 12.b4 Bf8 13.a4 Qc7 14.Nh4 b6 15.Bd2 a6
16.a5 b5 17.Ne3 c5 18.c4 bxc4 19.Rc1 cxb4 20.Bxb4 Rac8 21.Rxc4 Qb8 22.Bxf8 Nxf8
23.Nhf5 Rxc4 24.Nxc4 Ne6 25.Qa1 Be2 26.Rb1 Qc7 27.Ncd6 Rd8 28.Rc1 Qb8 29.Qxe5 Ne8
30.Rc6 Nxd6 31.Rxd6 Rxd6 32.Nxd6 Qb4 33.Nf5 g6 34.Nh6+ Kf8 35.Qf6 Qb7 36.e5 Qc7
37.Qh8+ Ke7 38.Ng8+  1-0

[Event "Silvaplana (Women)"]
[Site "Silvaplana"]
[Date "1993.??.??"]
[Round "?"]
[White "Horvath, Maria"]
[Black "Hund, Barbara"]
[Result "1/2-1/2"]
[WhiteElo "2060"]
[BlackElo "2250"]

1.Nf3 d5 2.g3 Bf5 3.Bg2 Nf6 4.b3 e6 5.Bb2 Be7 6.O-O h6 7.d3 O-O 8.Nbd2 c5
9.e3 Nc6 10.Re1 Bh7 11.e4 Rc8 12.a3 b5 13.exd5 Nxd5 14.Ne5 Nxe5 15.Bxe5 Nb6
16.Bb7 Rc7 17.Bxc7 Qxc7 18.Be4 Bf6 19.Rb1 Nd5 20.Bxh7+ Kxh7 21.Ne4 Bc3 22.Rf1 f5
23.Nd2 Qa5 24.Nf3  1/2-1/2

[Event "ROM-ch Girls"]
[Site "Singeorz"]
[Date "1993.??.??"]
[Round "?"]
[White "Cozianu, Costin"]
[Black "Ceteras, Marius"]
[Result "1/2-1/2"]
[WhiteElo "2310"]
[BlackElo "2335"]

1.Nf3 d5 2.g3 Nf6 3.Bg2 c6 4.O-O Bg4 5.c4 e6 6.Qc2 Be7 7.b3 O-O 8.Bb2 Nbd7
9.d3 a5 10.Nc3 Re8 11.a3 Bf8 12.e4 dxe4 13.dxe4 Bxf3 14.Bxf3 e5  1/2-1/2

[Event "Hospitalet op"]
[Site "Sitges"]
[Date "1993.??.??"]
[Round "3"]
[White "Arbouche, Muhamed"]
[Black "Ivanov, Alexey"]
[Result "0-1"]
[WhiteElo "2260"]
[BlackElo "2475"]

1.Nf3 d5 2.g3 Nc6 3.d4 Bg4 4.Bg2 Qd7 5.h3 Bxf3 6.Bxf3 h5 7.e3 h4 8.g4 O-O-O
9.c4 dxc4 10.Qa4 Ne5 11.Qxd7+ Nxd7 12.Na3 Nb6 13.Be2 e5 14.Nxc4 Bb4+ 15.Kf1 Nxc4
16.Bxc4 exd4 17.exd4 f6 18.Be3 Ne7 19.Rd1 Nd5 20.Ke2 Rhe8 21.Kf3 c6 22.a3 Ba5
23.b4 Bc7 24.Rc1 a6 25.Bxd5 Rxd5 26.Rc5 Red8 27.Rxd5 Rxd5 28.Ke4 a5 29.f4 axb4
30.axb4 Bd6 31.Bd2 Rb5 32.Rb1 g6 33.Kd3 Rb6 34.Kc4 Ra6 35.Kb3 Kd7 36.Re1 Ra8
37.Kb2 f5 38.gxf5 gxf5 39.Rg1 Ke6 40.Rg6+ Kd5 41.Rh6 Rg8 42.Rxh4 Rg2 43.Kc1 Kc4
44.Rh7 Kd3 45.Rd7 Bf8 46.Rd8 Bg7 47.Re8 Rxd2 48.Re7 Bxd4 49.Rxb7 Ra2  0-1

[Event "Hospitalet op"]
[Site "Sitges"]
[Date "1993.??.??"]
[Round "8"]
[White "Comas Fabrego, Luis"]
[Black "Magem Badals, Jorge"]
[Result "1/2-1/2"]
[WhiteElo "2435"]
[BlackElo "2505"]

1.Nf3 d5 2.g3 Bg4 3.Bg2 Nd7 4.c4 e6 5.d4 c6 6.Nbd2 Ngf6 7.O-O Bd6 8.b3 O-O
9.Bb2 Qb8 10.Rc1 Re8 11.Re1 h6 12.e4 dxe4 13.Nxe4 Nxe4 14.Rxe4 Nf6 15.Re3 Qd8
16.Qe1 Bxf3 17.Bxf3 Re7 18.h4 Rc7 19.h5 Be7 20.Rd1 Rd7 21.Bc3 a5 22.a4 Qb6
23.d5 cxd5 24.Bxf6 Bxf6 25.cxd5 e5 26.Be4 Rad8 27.Rc3 Be7 28.Qe2 Bc5 29.Qg4 Bd4
30.Rf3 Rd6 31.Qf5 Rf6 32.Qh7+ Kf8 33.Rdd3 Rdd6 34.Qh8+ Ke7 35.Qxg7 Bxf2+
36.Kg2 Bd4 37.Qh8 Rxf3 38.Rxf3 Rf6 39.Qc8 Rxf3 40.Bxf3 Bc5 41.Qh8 Qf6 42.Qc8 b6
43.Qb8 Qg5 44.Qc7+ Kf8 45.Qd7 e4 46.Bxe4  1/2-1/2

[Event "Sitges op"]
[Site "Sitges"]
[Date "1993.??.??"]
[Round "9"]
[White "Spassov, Liuben"]
[Black "Ballon, Guenther Jan"]
[Result "1-0"]
[WhiteElo "2435"]
[BlackElo "2200"]

1.Nf3 d5 2.g3 Nf6 3.Bg2 c6 4.O-O Bf5 5.c4 e6 6.cxd5 exd5 7.d3 h6 8.Nd4 Bh7
9.Nc3 Bc5 10.Nc2 O-O 11.b4 Be7 12.b5 Nbd7 13.Rb1 Nc5 14.bxc6 bxc6 15.Nd4 Qd7
16.Bf4 Rfd8 17.Qc2 g5 18.Bd2 Ne8 19.Na4 Nxa4 20.Qxa4 c5 21.Nc6 Bf8 22.Qa6 Qe6
23.Qb7 Rdc8 24.Bxd5  1-0

[Event "Skei"]
[Site "Skei"]
[Date "1993.??.??"]
[Round "5"]
[White "Gausel, Einar"]
[Black "Engedal, Kim Nikolai"]
[Result "1-0"]
[WhiteElo "2485"]
[BlackElo "2240"]

1.Nf3 d5 2.g3 c6 3.Bg2 e6 4.O-O Bd6 5.d3 e5 6.e4 dxe4 7.dxe4 Nf6 8.Nbd2 Be6
9.Qe2 O-O 10.h3 h6 11.Nc4 Bxc4 12.Qxc4 Qc7 13.Nh4 Re8 14.Nf5 Bf8 15.a4 a5
16.Be3 Na6 17.c3 Rad8 18.Rfb1 c5 19.Rd1 Kh7 20.g4 g6 21.Ng3 Re6 22.Bf1 Ne8
23.Rxd8 Qxd8 24.Qb3 Qb6 25.Qa2 Nd6 26.Rd1 Nc7 27.Qa3 Nde8 28.Rd7 Kg7 29.Bc4 Rf6
30.Qb3 Qc6 31.Rxf7+ Rxf7 32.Bxf7 Nd6 33.Bc4 Be7 34.Bd5 Nxd5 35.exd5 Qc7 36.c4 Bf6
37.Qc2 b6 38.Qc1 Nf7 39.Ne4 Be7 40.Qd2 Qd7 41.Qc2 Nd6 42.b3 h5 43.Nxd6 Bxd6
44.Qe4 Qf7 45.Bg5 Qf8 46.Kg2 Bc7 47.Qf3 Qd6 48.gxh5 gxh5 49.Qxh5 e4 50.Kf1 Qh2
51.Bh6+ Kf6 52.Qg5+ Kf7 53.Qf5+  1-0

[Event "SLO-ch"]
[Site "?"]
[Date "1993.??.??"]
[Round "?"]
[White "Truta, Srecko"]
[Black "Jelen, Igor"]
[Result "0-1"]
[WhiteElo "2270"]
[BlackElo "2325"]

1.Nf3 d5 2.g3 c5 3.Bg2 Nc6 4.d4 e6 5.O-O Nf6 6.c4 Be7 7.cxd5 exd5 8.Nc3 O-O
9.Bg5 cxd4 10.Nxd4 h6 11.Be3 Re8 12.Rc1 Bg4 13.h3 Be6 14.a3 Ne5 15.Ncb5 Nc4
16.Rxc4 dxc4 17.Nxe6 fxe6 18.Bxb7 Qa5 19.Nd4 Rab8 20.Nc6 Qb5 21.Nxe7+ Rxe7
22.Bf3 Qxb2 23.Qd6 Kf7 24.Bd4 Rd7 25.Qxd7+ Nxd7 26.Bxb2 Rxb2 27.Rc1 Nb6 28.e3 Rb3
29.a4 Ra3 30.Bc6 Ke7 31.Bb5 c3 32.Kf1 Kd6 33.Ke2 Kc5 34.f4 Kb4 35.e4 Ra2+
36.Ke3 Nc4+ 37.Bxc4 Kxc4 38.e5 Rxa4 39.g4 g6 40.h4 Ra5 41.h5 gxh5 42.gxh5 Rd5  0-1

[Event "SLO-ch"]
[Site "?"]
[Date "1993.??.??"]
[Round "?"]
[White "Orel, Oskar"]
[Black "Jelen, Igor"]
[Result "0-1"]
[WhiteElo "2335"]
[BlackElo "2325"]

1.Nf3 d5 2.g3 c5 3.Bg2 Nc6 4.O-O e5 5.d3 Nf6 6.e4 Be7 7.Nbd2 O-O 8.c3 dxe4
9.dxe4 Qc7 10.Re1 h6 11.h3 Be6 12.Nh4 c4 13.Nf5 Bc5 14.Qf3 Kh7 15.Nxh6 Rad8
16.Bf1 b5 17.Nf5 Ne7 18.Nxe7 Qxe7 19.b4 Bb6 20.a4 a6 21.a5 Ba7 22.Nb1 Rd6
23.Be3 Rfd8 24.g4 Bxe3 25.Qxe3 Nxg4 26.hxg4 Bxg4 27.f3 Rh6 28.Qf2 Bxf3 29.Qxf3 Qh4
30.Re2 Rd3 31.Qf5+ Rg6+ 32.Rg2 Rh3 33.Rxg6 Rh1+ 34.Kg2 Qh2+ 35.Kf3 Rxf1+  0-1